How to prepare for the TOEFL test / (Record no. 8062)
[ view plain ]
| 000 -LEADER | |
|---|---|
| fixed length control field | 00337cam a2200133ua 4500 |
| 020 ## - INTERNATIONAL STANDARD BOOK NUMBER | |
| ISBN | 8186011870 |
| 082 ## - DEWEY DECIMAL CLASSIFICATION NUMBER | |
| Classification number | 428.0076 |
| Item number | SHA/HO |
| 100 ## - MAIN ENTRY--AUTHOR NAME | |
| Personal name | Sharpe, Pamela . |
| 245 ## - TITLE STATEMENT | |
| Title | How to prepare for the TOEFL test / |
| 250 ## - EDITION STATEMENT | |
| Edition statement | 8 / |
| 260 ## - PUBLICATION, DISTRIBUTION, ETC. (IMPRINT) | |
| Place of publication | New Delhi |
| Name of publisher | Galgotia publication pvt ltd , |
| Year of publication | 1997. |
| 300 ## - PHYSICAL DESCRIPTION | |
| Number of Pages | 610 ; . |
| 942 ## - ADDED ENTRY ELEMENTS (KOHA) | |
| Koha item type | Reference |
| Withdrawn status | Lost status | Damaged status | Collection code | Home library | Current library | Shelving location | Date acquired | Full call number | Accession Number | Koha item type |
|---|---|---|---|---|---|---|---|---|---|---|
| Reference | KAUAET | KAUAET | Reference | 07/04/2012 | 428.0076.SHA/HO | 19356 | Books |
